1109 1042 1170 1611 1904 1959 1034 1457 1879 1247 1226 1682 1921 1195 1482 1726 1253 1177 1633 1402 1698 1028 1758 1820 1059 1444 1642 1063 1757 1876 1618 1830 1369 1295 1795 1538 1058 1224 1052 1452 1111 1398 1020 1315 1721 1015 1792 1209 1852 1162 1201 1139 1268 1074 1408 1433 1422 1272 1291 1220 1778 1350 1080 1730 1062 1578 1594 1523 1080 1182 1124 1008 1445 1989 1867 1749 1444 1213 1659 1456 1836 1986 1752 1291 1105 1321 1088 1776 1609 1270 1974 1120 1118 1942 1277 1498 1432 1543 1992 BCNSPRNW ULIB Ver.6.0+V

เปลี่ยนเป็นภาษาไทย

Change to English
 แสดงรายละเอียดบรรณานุกรม
  กลับหน้าหลัก

Brief Record : Get Marc (ISO 2709) : E-mail record : QR code < ปิดหน้าต่าง
LEADER : 00000nam a2200000Ia 4500
001    13399128087
003     ULIB
008    211006s2564 th a b 001 0 tha d
020    ^a9786165828123
040    ^absi
060 04 ^aWB460^bอ251ก
100 0  ^aอภิชัย วรรธนะพิศิษฐ์
245 10 ^aการส่งเสริมกิจกรรมทางกายและการให้คำปรึกษากิจกรรมทางกายในเวชศาสตร์ครอบครัว =^bPhysical activity promotion and physicalactivity counselling in family medicine /^cอภิชัยวรรธนะพิศิษฐ์
246 31 ^aPhysical activity promotion and physical activitycounselling in family medicine
250    ^aพิมพ์ครั้งที่ 1
260    ^aนครศรีธรรมราช :^bสำนักวิชาแพทยศาสตร์ มหาวิทยาลัยวลัยลักษณ์,^c2564
300    ^a(16), 216 หน้า :^bภาพประกอบ ;^c26 ซม.
504    ^aบรรณานุกรมท้ายบทและดรรชนีท้ายเล่ม
505 0  ^aแนวคิดกิจกรรมทางกายและสุขภาพในเวชศาสตร์ครอบครัว --การส่งเสริมกิจกรรมทางกายและการให้คำปรึกษากิจกรรมทางกายในเวชศาสตร์ครอบครัว -- การส่งเสริมกิจกรรมทางกายระดับชุมชน --การส่งเสริมกิจกรรมทางกายและการให้คำปรึกษากิจกรรมทางกายระดับบุคคล --การให้คำปรึกษากิจกรรมทางกายสำหรับโรคและภาวะที่พบบ่อยในเวชศาสตร์ครอบครัว --เทคโนโลยีและนวัตกรรมสำหรับการส่งเสริมกิจกรรมทางกายและการให้คำปรึกษากิจกรรมทางกาย -- การส่งเสริมกิจกรรมทางกายในความปกติใหม่
650  4 ^aการส่งเสริมสุขภาพ
650  4 ^aการออกกำลังกาย
650  4 ^aกายบริหาร
650  4 ^aเวชศาสตร์ครอบครัว
710 2  ^aมหาวิทยาลัยวลัยลักษณ์.^bสำนักวิชาแพทยศาสตร์
945    ^p420^l0^i29291
945    ^p420^l0^i29292
945    ^p420^l0^i29293
945    ^p420^l0^i29294
945    ^p420^l0^i29295
995    ^aกัณชพร จุลอักษร
999    ^aกัณชพร
รายการนี้ยังไม่มีแท็ก
คุณยังไม่ได้ล็อกอิน คุณสามารถมีกิจกรรมร่วมกับเว็บไซต์ได้ แต่ต้องล็อกอินก่อน ::
  ล็อกอิน

รายการสื่อสารสนเทศ

ลำดับที่ ประเภท เลขเรียก/บาร์โค้ด สถานที่ สถานะ
1. หนังสือสำรอง
หนังสือสำรอง
WB460 อ251ก ฉ.1 
  Barcode: 29291
ห้องสมุดวิทยาเขตนครสวรรค์
►หนังสือทั่วไป:l:General Books
บนชั้น
2. วิทยาศาสตร์การแพทย์ และสุขภาพ
วิทยาศาสตร์การแพทย์ และสุขภาพ
WB460 อ251ก ฉ.2 
  Barcode: 29292
ห้องสมุดวิทยาเขตนครสวรรค์
►หนังสือทั่วไป:l:General Books
บนชั้น
3. วิทยาศาสตร์การแพทย์ และสุขภาพ
วิทยาศาสตร์การแพทย์ และสุขภาพ
WB460 อ251ก ฉ.3 
  Barcode: 29293
ห้องสมุดวิทยาเขตนครสวรรค์
►หนังสือทั่วไป:l:General Books
บนชั้น
4. วิทยาศาสตร์การแพทย์ และสุขภาพ
วิทยาศาสตร์การแพทย์ และสุขภาพ
WB460 อ251ก ฉ.4 
  Barcode: 29294
ห้องสมุดวิทยาเขตนครสวรรค์
►หนังสือทั่วไป:l:General Books
บนชั้น
5. วิทยาศาสตร์การแพทย์ และสุขภาพ
วิทยาศาสตร์การแพทย์ และสุขภาพ
WB460 อ251ก ฉ.5 
  Barcode: 29295
ห้องสมุดวิทยาเขตนครสวรรค์
►หนังสือทั่วไป:l:General Books
บนชั้น

รายการใกล้เคียง
    ผู้แต่ง [อภิชัย วรรธนะพิศิษฐ์]

    หัวเรื่อง [การส่งเสริมสุขภาพ]
    หัวเรื่อง [การออกกำลังกาย]
    หัวเรื่อง [กายบริหาร]
    หัวเรื่อง [เวชศาสตร์ครอบครัว]

BibComment


ยังไม่เคยถูกคอมเมนท์

คอมเมนท์ทรัพยากรรายการนี้
  คอมเมนท์: การส่งเสริมกิจกร..


 Copyright 2026. Bcnsprnw @Library